Classical mechanics (Record no. 7671)
[ view plain ]
| 000 -LEADER | |
|---|---|
| fixed length control field | 00368 a2200145 4500 |
| 040 ## - CATALOGING SOURCE | |
| Original cataloging agency | DLC |
| Language of cataloging | DLC |
| 082 ## - DEWEY DECIMAL CLASSIFICATION NUMBER | |
| Classification number | 531 |
| 100 ## - MAIN ENTRY--PERSONAL NAME | |
| Personal name | Chow, Tai L. |
| 245 ## - TITLE STATEMENT | |
| Title | Classical mechanics |
| Statement of responsibility, etc. | Tai L.Chow |
| 260 ## - PUBLICATION, DISTRIBUTION, ETC. | |
| Place of publication, distribution, etc. | Islamabad : |
| Name of publisher, distributor, etc. | National Book Foundation. |
| 300 ## - PHYSICAL DESCRIPTION | |
| Extent | x, 547 p.; |
| Other physical details | : ill. |
| Dimensions | 26 cm. |
| 500 ## - GENERAL NOTE | |
| General note | Includes Index |
| 650 ## - SUBJECT ADDED ENTRY--TOPICAL TERM | |
| Topical term or geographic name entry element | Mechanics. |
| 942 ## - ADDED ENTRY ELEMENTS (KOHA) | |
| Koha item type | Book |
| Call number prefix | 531 CHO |
| Source of classification or shelving scheme | |
| Withdrawn status | Lost status | Damaged status | Not for loan | Collection code | Permanent Location | Current Location | Shelving location | Date acquired | Source of acquisition | Total Checkouts | Total Renewals | Full call number | Barcode | Checked out | Date last seen | Date last checked out | Price effective from | Koha item type |
|---|---|---|---|---|---|---|---|---|---|---|---|---|---|---|---|---|---|---|
| Central Library (CL) | Central Library (CL) | General Stacks | 01/03/2008 | Donation | 3 | 2 | 531 CHO | SEECS006848 | 02/26/2026 | 01/27/2026 | 01/27/2026 | 01/05/2017 | Book | |||||
| Central Library (CL) | Central Library (CL) | General Stacks | 01/03/2008 | Donation | 3 | 531 CHO | SEECS006833 | 02/26/2026 | 01/27/2026 | 01/27/2026 | 01/05/2017 | Book | ||||||
| Central Library (CL) | Central Library (CL) | General Stacks | 01/03/2008 | Donation | 7 | 3 | 531 CHO | SEECS006831 | 06/26/2025 | 06/26/2025 | 01/05/2017 | Book | ||||||
| Central Library (CL) | Central Library (CL) | General Stacks | 01/03/2008 | Donation | 5 | 1 | 531 CHO | SEECS006832 | 02/17/2026 | 02/14/2026 | 01/05/2017 | Book |
